Online
Catalog

Migración internacional y económica cafetalera / (Record no. 38168)

MARC details
000 -CABECERA
campo de control de longitud fija 01936nam a2200409 i 4500
001 - NÚMERO DE CONTROL
campo de control 000038678
003 - IDENTIFICADOR DEL NÚMERO DE CONTROL
campo de control DO-SdBNP
005 - FECHA Y HORA DE LA ÚLTIMA TRANSACCIÓN
campo de control 20260317110112.0
007 - CAMPO FIJO DE DESCRIPCIÓN FÍSICA--INFORMACIÓN GENERAL
campo de control de longitud fija ta
008 - DATOS DE LONGITUD FIJA--INFORMACIÓN GENERAL
campo de control de longitud fija 090918s1992 dr r 000 0 spa d
020 ## - NÚMERO INTERNACIONAL ESTÁNDAR DEL LIBRO
Número Internacional Estándar del Libro 9290680032
040 ## - FUENTE DE LA CATALOGACIÓN
Centro catalogador/agencia de origen DO-SdBNP
Lengua de catalogación spa
Centro/agencia transcriptor BNPHU
Normas de descripción rda
041 ## - CÓDIGO DE LENGUA
Código de lengua del texto/banda sonora o título independiente spa
082 #4 - NÚMERO DE LA CLASIFICACIÓN DECIMAL DEWEY
Número de clasificación 331.5447293
Número de documento/Ítem L925m
Número de edición 22
100 1# - ENTRADA PRINCIPAL--NOMBRE DE PERSONA
Nombre de persona Lozano, Wilfredo,
Fechas asociadas al nombre 1950-
Término indicativo de función/relación autor
Código de función/relación aut.
9 (RLIN) 7126
245 10 - MENCIÓN DE TÍTULO
Título Migración internacional y económica cafetalera /
Mención de responsabilidad, etc. Wilfredo Lozano, Franc Báez Evertsz.
250 ## - MENCIÓN DE EDICIÓN
Mención de edición Segunda edición
264 ## - PRODUCCIÓN, PUBLICACIÓN, DISTRIBUCIÓN, FABRICACIÓN Y COPYRIGHT
Producción, publicación, distribución, fabricación y copyright Santo Domingo, República Dominicana :
Nombre del de productor, editor, distribuidor, fabricante CEPAE,
Fecha de producción, publicación, distribución, fabricación o copyright 1992.
300 ## - DESCRIPCIÓN FÍSICA
Extensión 254 páginas :
Otras características físicas ilustraciones ;
Dimensiones 21 cm.
336 ## - TIPO DE CONTENIDO
Término de tipo de contenido texto
Código de tipo de contenido txt
Fuente rdacontent
337 ## - TIPO DE MEDIO
Nombre/término del tipo de medio sin mediación
Código del tipo de medio n
Fuente rdamedia
338 ## - TIPO DE SOPORTE
Nombre/término del tipo de soporte volumen
Código del tipo de soporte nc
Fuente rdacarrier
500 ## - NOTA GENERAL
Nota general Incluye datos biográficos de los autores en la contraportada del libro
500 ## - NOTA GENERAL
Nota general Estudio sobre la migración estacional de trabajadores haitianos a la cosecha cafetalera en la República Dominicana
500 ## - NOTA GENERAL
Nota general Incluye índice de cuadros (p. 241-247), índice de mapas (249-250), índice diagramas (p. 251) e índice de grafícos (p. 253)
500 ## - NOTA GENERAL
Nota general Estudio sobre la migración estacional de trabajadores Haitianos a la cosecha cafetalera en la República Dominicana
504 ## - NOTA DE BIBLIOGRAFÍA, ETC.
Nota de bibliografía, etc. Bibliografías: páginas 225-235
650 #4 - PUNTO DE ACCESO ADICIONAL DE MATERIA--TÉRMINO DE MATERIA
Término de materia o nombre geográfico como elemento de entrada Agricultura
Subdivisión general Aspectos económicos
Subdivisión geográfica República Dominicana
9 (RLIN) 1508
650 #4 - PUNTO DE ACCESO ADICIONAL DE MATERIA--TÉRMINO DE MATERIA
Término de materia o nombre geográfico como elemento de entrada Trabajadores agrícolas
Subdivisión geográfica República Dominicana
9 (RLIN) 8414
650 #0 - PUNTO DE ACCESO ADICIONAL DE MATERIA--TÉRMINO DE MATERIA
Término de materia o nombre geográfico como elemento de entrada Mercado de trabajo
Subdivisión geográfica República Dominicana
Fuente del encabezamiento o término LIBRUNAM
9 (RLIN) 19058
650 #4 - PUNTO DE ACCESO ADICIONAL DE MATERIA--TÉRMINO DE MATERIA
Término de materia o nombre geográfico como elemento de entrada Recursos humanos
Subdivisión general Haitianos
Subdivisión geográfica República Dominicana
9 (RLIN) 23280
651 #4 - PUNTO DE ACCESO ADICIONAL DE MATERIA--NOMBRE GEOGRÁFICO
Nombre geográfico República Dominicana
Subdivisión general Emigración e inmigración
9 (RLIN) 290
651 #4 - PUNTO DE ACCESO ADICIONAL DE MATERIA--NOMBRE GEOGRÁFICO
Nombre geográfico Haíti
Subdivisión general Emigració e inmigración
9 (RLIN) 23281
700 1# - PUNTO DE ACCESO ADICIONAL--NOMBRE DE PERSONA
Nombre de persona Báez Evertsz, Franc,
Fechas asociadas al nombre 1948-2016
Término indicativo de función/relación autor
Código de función/relación aut.
9 (RLIN) 55030
710 2# - PUNTO DE ACCESO ADICIONAL--NOMBRE DE ENTIDAD CORPORATIVA
Nombre de entidad corporativa o nombre de jurisdicción como elemento de entrada Centro de Planificación y Acción Ecuménica(República Dominicana)
9 (RLIN) 64995
942 ## - ELEMENTOS DE PUNTO DE ACCESO ADICIONAL (KOHA)
Fuente del sistema de clasificación o colocación Dewey Decimal Classification
Tipo de ítem Koha Libro
Holdings
Estado de retiro Estado de pérdida Fuente del sistema de clasificación o colocación Restricciones de uso No para préstamo Código de colección Localización permanente Ubicación/localización actual Ubicación en estantería Fecha de adquisición Total de préstamos Signatura topográfica completa Código de barras Fecha visto por última vez Precio válido a partir de Tipo de ítem Koha
    Dewey Decimal Classification Excluido de préstamo   Patrimonio Dominicano Biblioteca Nacional Pedro Henríquez Ureña Biblioteca Nacional Pedro Henríquez Ureña Depósito 17.04.2013   BNPHU PD 331.5447293 L925m 38678-10 25.06.2020 25.06.2020 Libro

Powered by Koha